La República Argentina y Chile ante el árbitro. Refutación a las últimas publicaciones chilenas

Shranjeno v:
Bibliografske podrobnosti
Glavni avtor: Varela, Luis V. (Author)
Format: Knjiga
Jezik:španščina
Izdano: Buenos Aires Imprenta de M. Biedma e hijo 1901
Izdaja:1a. ed
Teme:
Oznake: Označite
Brez oznak, prvi označite!

MARC

LEADER 00000nam a2200000 a 4500
001 UCJ5123
003 CL-VaPUC
008 070124e19010000AG |||||||||||||||||spa|d
082 0 4 |a 983  |b VAR  |2 21 
100 0 |a Varela, Luis V.  |e author  |9 509942 
245 1 3 |a La República Argentina y Chile ante el árbitro. Refutación a las últimas publicaciones chilenas 
250 |a 1a. ed 
300 |a 524 p 
942 |c BK 
945 |d 20070124 00:00:00  |a rinostro 
260 |a Buenos Aires  |b Imprenta de M. Biedma e hijo  |c 1901 
650 0 |a Límites con Argentina  |9 504170 
650 0 |a Diplomacia  |9 256483 
650 7 |a DOCUMENTOS  |2 CL-VaPUC  |9 366450 
650 0 |a Tratados internacionales   |9 256056 
650 0 |a Historia de Chile  |9 265473 
651 0 |a Argentina  |9 254888 
651 7 |a CHILE  |2 CL-VaPUC  |9 509943 
651 0 |a Estrecho de Magallanes  |9 354479 
583 |a last modification  |c 20070124 00:00:00  |k Rodrigo Vera 
999 |c 321236  |d 321234 
952 |0 0  |1 0  |4 0  |6 983_000000000000000_VAR_1901  |7 0  |8 X  |9 399930  |a FDOBUD  |b FDOBUD  |d 2019-11-22  |i 1030361  |o 983 VAR 1901  |p 1030361  |r 2019-11-22  |w 2019-11-22  |y BK_X  |k BUD